Capitales par drapeaux - Europe - Statistiques

Statistiques générales
  • Ce quiz a été pris 144 fois
  • Le résultat moyen est 37 sur 45
Statistiques - réponses
Par images Réponse % Correct
Paris
97%
Bruxelles
96%
Madrid
96%
Lisbonne
94%
Londres
94%
Rome
94%
Berlin
93%
Amsterdam
92%
Dublin
92%
Moscou
92%
Oslo
92%
Vatican
92%
Athenes
91%
Luxembourg
91%
Monaco
91%
Saint Marin
91%
Vienne
91%
Berne
90%
Copenhague
90%
Varsovie
89%
Stockholm
88%
Bucarest
87%
Helsinki
87%
Kiev
87%
Budapest
85%
Zagreb
85%
Sofia
83%
Prague
81%
Reykjavik
81%
Andorre la Vieille
79%
La Valette
78%
Riga
76%
Sarajevo
76%
Tallinn
76%
Tirana
74%
Belgrade
73%
Minsk
73%
Bratislava
72%
Vilnius
71%
Ljubljana
66%
Vaduz
66%
Chisinau
63%
Podgorica
60%
Pristina
60%
Skopje
56%
Aucun quiz correspondant
Distribution des résultats
% des personnes avec chaque résultat
Percentile par nombre de réponses
Votre historique - résultats
Vous n’avez pas pris ce quiz